USA States in Reverse Alphabetical Order - Statistics

General Stats
  • This quiz has been taken 112 times
  • The average score is 37 of 50
Answers on the Map
Answers color-coded by a green-red scale on the quiz's map according to % correct below.
 
Answer Stats
Hint State % Correct
W Wyoming
99%
W Wisconsin
93%
T Texas
91%
V Virginia
89%
U Utah
88%
W West Virginia
88%
T Tennessee
87%
V Vermont
87%
O Ohio
86%
W Washington
86%
R Rhode Island
85%
S South Carolina
85%
S South Dakota
85%
O Oklahoma
84%
O Oregon
84%
P Pennsylvania
84%
N North Carolina
76%
N North Dakota
76%
N Nebraska
74%
N New York
73%
N Nevada
72%
N New Jersey
72%
H Hawaii
71%
I Illinois
71%
K Kentucky
71%
N New Hampshire
71%
G Georgia
69%
I Iowa
69%
K Kansas
69%
N New Mexico
69%
F Florida
68%
I Indiana
68%
L Louisiana
68%
D Delaware
67%
M Montana
67%
C California
66%
A Alaska
65%
C Colorado
65%
M Missouri
65%
A Arkansas
64%
I Idaho
64%
A Alabama
62%
M Maine
62%
M Maryland
62%
M Mississippi
62%
C Connecticut
61%
M Minnesota
61%
A Arizona
59%
M Massachusetts
59%
M Michigan
56%
No matching quizzes found
Score Distribution
Percent of People with Each Score
Percentile by Number Answered
Your Score History
You have not taken this quiz